ბათუმის შოთა რუსთაველის სახელმწიფო უნივერსიტეტის ბიბლიოთეკა

ლაბორატორიული ტექნიკა : (ბიბ.ჩანაწერი № 61946)

000 -ლიდერი
ფიქსირებული სიგრძის საკონტროლო ველი 00973nam a22001937a 4500
003 - საკონტროლო ნომრის იდენტიფიკატორი
საკონტროლო ველი Ge_BSU
005 - ბოლო ოპერაციის თარიღი და დრო
საკონტროლო ველი 20240613124002.0
008 - ფიქსირებული სიგრძის მონაცემთა ელემენტები - ზოგადი ინფორმაცია
ფიქსირებული სიგრძის საკონტროლო ველი 240613s1958 ge ||||| |||| 00| 0 geo d
041 ## - ენის კოდი
Language code of text/sound track or separate title geo
080 ## - უნივერსალური ათობითი კლასიფიკაციის ინდექსი
Universal Decimal Classification number 616-7 კ-22
100 ## - მთავარი ჩანაწერი - პიროვნების სახელი
Personal name კანდელაკი, ქეთევან
9 (RLIN) 19471
245 ## - ცნობა სათაურის შესახებ
Title ლაბორატორიული ტექნიკა :
Remainder of title სახელმძღვ. მედ. ლაბორანტთათვის /
Statement of responsibility, etc ქეთევან კანდელაკი; რედ. ნ. კილოსანიძე.
264 ## - წარმოების, გამოცემის, დისტრიბუციის და სხვა ცნობები
გამოცემის, წარმოების, დისტრიბუციის... ადგილი თბ. :
გამოცემის, წარმოების, დისტრიბუციის... სახელწოდება ცოდნა,
გამოცემის, წარმოების, დისტრიბუციის... თარიღი 1958.
300 ## - ფიზიკური აღწერა
Extent 207გვ. :
Other physical details ილ. ;
Dimensions 24 სმ.
653 ## - INDEX TERM--UNCONTROLLED
Uncontrolled term სამედიცინო დიაგნოსტიკა
653 ## - INDEX TERM--UNCONTROLLED
Uncontrolled term სამედიცინო ლაბორატორიული ტექნიკა
700 ## - ADDED ENTRY--PERSONAL NAME
Personal name კილოსანიძე, ნ.
Relator term რედაქტორი
9 (RLIN) 22423
942 ## - ADDED ENTRY ELEMENTS (KOHA)
Source of classification or shelving scheme
Koha item type წიგნი
ეგზემპლარები
ჩამოწერის სტატუსი დაკარგული ეგზემპლარის სტატუსი კლასიფიკაციის წყარო ან თაროზე გაწყობის სქემა დაზიანების სტატუსი არ გაიცემა მუდმივი მდებარეობა (დაცვის ადგილი) ამჟამინდელი ადგილსამყოფელი თაროზე განთავსების ადგილი შეძენის თარიღი ღირებულება, შესყიდვის ნორმალური ფასი სრული შენახვის შიფრი შტრიხკოდი ბოლო ოპერაციის თარიღი ეგზემპლარის მიმდევრობითი ნომერი (კეტერი?) ფასის ძალაში შესვლის თარიღი ეგზემპლარის სახეობა საჯარო შენიშვნა
          ბათუმის შოთა რუსთაველის სახელმწიფო უნივერსიტეტის მთავარი ბიბლიოთეკა ბათუმის შოთა რუსთაველის სახელმწიფო უნივერსიტეტის მთავარი ბიბლიოთეკა წიგნსაცავი 2024-06-13 0.00 616-7 კ-22 68162 2024-06-13 68162 2024-06-13 წიგნი 86 თ.
          ბათუმის შოთა რუსთაველის სახელმწიფო უნივერსიტეტის მთავარი ბიბლიოთეკა ბათუმის შოთა რუსთაველის სახელმწიფო უნივერსიტეტის მთავარი ბიბლიოთეკა წიგნსაცავი 2024-06-13 0.00 616-7 კ-22 68161 2024-06-13 68161 2024-06-13 წიგნი 86 თ.